Score 0/20 Timer 01:30
0 Plays Today
% Correct
Indiana
94.6%
Incredible
93.9%
Ice
93.9%
Independence
93.4%
Inspector
92.5%
Inglourious
91.9%
Interview
90.4%
Ides
90.1%
Into
89.2%
Invasion
87.7%
% Correct
It
87.5%
Iron
82.7%
Identity
79.2%
Invisible
77%
Imitation
76.7%
Island
71.2%
Immortal
67.4%
Inside
60.3%
Identification
46.7%
Inland
44.5%

Today's Daily Dose

You're not logged in!

Compare scores with friends on all Sporcle quizzes.
OR
Log In

Sporcle TV

Today on Sporcle TV


Watch our educational content, quiz creation guides, and fun videos on Sporcle TV.

Show Comments

Extras

Top Quizzes Today


Score Distribution

Paid Content

Your Account Isn't Verified!

In order to create a playlist on Sporcle, you need to verify the email address you used during registration. Go to your Sporcle Settings to finish the process.

Report this User

Report this user for behavior that violates our Community Guidelines.

Details: